Giáo trình phân tích tài chính doanh nghiệp

Tổng quan về phân tích tài chính doanh nghiệp. Diễn giải hệ thống báo cáo tài chính doanh nghiệp. Phân tích chính sách tài chính, tình hình sử dụng vốn, tiềm lực tài chính, dự báo rủi ro, dự báo báo cáo tài chính, khả năng sinh lời, tăng trư...

全面介紹

Đã lưu trong:
書目詳細資料
其他作者: Nguyễn Trọng Cơ (ch.b), Ngô Thế Chi (ch.b)
格式: 圖書
語言:Vietnamese
出版: H. Tài chính 2009
版:Tái bản lần thứ 2, có sửa chữa và bổ sung
主題:
標簽: 添加標簽
沒有標簽, 成為第一個標記此記錄!
Thư viện lưu trữ: Trung tâm Học liệu Lê Vũ Hùng, Trường Đại học Đồng Tháp
LEADER 01558pam a22003138a 4500
001 00026669
005 20171026081023.0
008 110816s2009 ||||||viesd
020 |c 55000 
041 0 # |a vie 
082 1 4 |a 658.15  |b GI108TR 
245 0 0 |a Giáo trình phân tích tài chính doanh nghiệp  |c Ngô Thế Chi ch.b...[và nh. ng. khác] 
250 # # |a Tái bản lần thứ 2, có sửa chữa và bổ sung 
260 # # |a H.  |b Tài chính  |c 2009 
300 # # |a 419 tr.  |b bảng  |c 21 cm. 
500 # # |a ĐTTS ghi: Học viện Tài chính 
520 3 # |a Tổng quan về phân tích tài chính doanh nghiệp. Diễn giải hệ thống báo cáo tài chính doanh nghiệp. Phân tích chính sách tài chính, tình hình sử dụng vốn, tiềm lực tài chính, dự báo rủi ro, dự báo báo cáo tài chính, khả năng sinh lời, tăng trưởng và định giá doanh nghiệp 
650 # 4 |a Doanh nghiệp 
650 # 4 |a Tài chính 
650 # 4 |a Phân tích 
650 # 4 |a Giáo trình 
700 1 # |a Nguyễn Trọng Cơ  |e ch.b 
700 1 # |a Ngô Thế Chi  |e ch.b 
852 # # |b Kho giáo trình  |j KGT.0032256, KGT.0032257, KGT.0032258, KGT.0032259 
852 # # |j KGT.0032256  |j KGT.0032257  |j KGT.0032259  |j KD.0010760  |j KGT.0032258 
852 # # |b Kho đọc  |j KD.0010760 
852 # # |b Kho mượn  |j KGT.0032256 
910 |d 16/08/2011 
980 # # |a Trung tâm Học liệu Lê Vũ Hùng, Trường Đại học Đồng Tháp